ბათუმის შოთა რუსთაველის სახელმწიფო უნივერსიტეტის ბიბლიოთეკა

აღმზრდელ-პედაგოგის პროფესიული სტანდარტი / World Vision Georgia (ბიბ.ჩანაწერი № 57087)

000 -ლიდერი
ფიქსირებული სიგრძის საკონტროლო ველი 01389nam a22002057a 4500
003 - საკონტროლო ნომრის იდენტიფიკატორი
საკონტროლო ველი Ge_BSU
005 - ბოლო ოპერაციის თარიღი და დრო
საკონტროლო ველი 20191114120240.0
008 - ფიქსირებული სიგრძის მონაცემთა ელემენტები - ზოგადი ინფორმაცია
ფიქსირებული სიგრძის საკონტროლო ველი 191114s2018 ||||| |||| 00| 0 geo d
041 ## - ენის კოდი
Language code of text/sound track or separate title geo
080 ## - უნივერსალური ათობითი კლასიფიკაციის ინდექსი
Universal Decimal Classification number 372.3 ა-94
245 ## - ცნობა სათაურის შესახებ
Title აღმზრდელ-პედაგოგის პროფესიული სტანდარტი / World Vision Georgia
264 ## - წარმოების, გამოცემის, დისტრიბუციის და სხვა ცნობები
გამოცემის, წარმოების, დისტრიბუციის... ადგილი თბილისი,
გამოცემის, წარმოების, დისტრიბუციის... თარიღი 2018,
300 ## - ფიზიკური აღწერა
Extent 23 გვ.:
Dimensions 29 სმ.
653 ## - INDEX TERM--UNCONTROLLED
Uncontrolled term პედაგოგიკა
653 ## - INDEX TERM--UNCONTROLLED
Uncontrolled term სკოლამდელ განათლებასთან დაკავშირებული სახელმწიფო სტანდარტი
653 ## - INDEX TERM--UNCONTROLLED
Uncontrolled term განათლება
710 ## - ADDED ENTRY--CORPORATE NAME
Relator term გაეროს ბავშთა ფონდი და განათლებისა და მეცნიერების სამინისტრო
9 (RLIN) 5334
856 ## - ELECTRONIC LOCATION AND ACCESS
Uniform Resource Identifier https://www.unicef.org/georgia/media/1071/file/%E1%83%90%E1%83%A6%E1%83%9B%E1%83%96%E1%83%A0%E1%83%93%E1%83%94%E1%83%9A-%E1%83%9E%E1%83%94%E1%83%93%E1%83%90%E1%83%92%E1%83%9D%E1%83%92%E1%83%98%E1%83%A1%20%E1%83%9E%E1%83%A0%E1%83%9D%E1%83%A4%E1%83%94%E1%83%A1%E1%83%98%E1%83%A3%E1%83%9A%E1%83%98%20%E1%83%A1%E1%83%A2%E1%83%90%E1%83%9C%E1%83%93%E1%83%90%E1%83%A0%E1%83%A2%E1%83%98.pdf
Link text ელექტრონული ვერსია, pdf
942 ## - ADDED ENTRY ELEMENTS (KOHA)
Source of classification or shelving scheme
Koha item type წიგნი
ეგზემპლარები
ჩამოწერის სტატუსი დაკარგული ეგზემპლარის სტატუსი კლასიფიკაციის წყარო ან თაროზე გაწყობის სქემა დაზიანების სტატუსი არ გაიცემა მუდმივი მდებარეობა (დაცვის ადგილი) ამჟამინდელი ადგილსამყოფელი თაროზე განთავსების ადგილი შეძენის თარიღი ღირებულება, შესყიდვის ნორმალური ფასი სრული შენახვის შიფრი შტრიხკოდი ბოლო ოპერაციის თარიღი ეგზემპლარის მიმდევრობითი ნომერი (კეტერი?) ფასის ძალაში შესვლის თარიღი ეგზემპლარის სახეობა საჯარო შენიშვნა
          ბათუმის შოთა რუსთაველის სახელმწიფო უნივერსიტეტის მთავარი ბიბლიოთეკა ბათუმის შოთა რუსთაველის სახელმწიფო უნივერსიტეტის მთავარი ბიბლიოთეკა წიგნსაცავი 2019-11-14 5.00 37.01 ა-94 60219 2019-11-14 60219 2019-11-14 წიგნი 5.00